Statistics for Charlotte Hornets Leaders Per Year

Click here to take the quiz!

General Stats

  • This quiz has been taken 1,429 times
    (10 since last reset)
  • The average score is 14 of 50

Answer Stats

Player% Correct
LaMelo Ball
90%
Kemba Walker
80%
Miles Bridges
80%
Alonzo Mourning
70%
Marvin Williams
60%
P.J. Washington
60%
Glen Rice
50%
Larry Johnson
50%
Muggsy Bogues
50%
Terry Rozier
50%
Baron Davis
40%
Bismack Biyombo
40%
Eddie Jones
40%
Al Jefferson
30%
Cody Zeller
30%
Dell Curry
30%
Devonte' Graham
30%
Gerald Wallace
30%
Nicolas Batum
30%
Anthony Mason
20%
D.J. Augustin
20%
Dwight Howard
20%
Emeka Okafor
20%
Gerald Henderson
20%
Hersey Hawkins
20%
Kelly Tripucka
20%
Kendall Gill
20%
Kenny Gattison
20%
Kwame Brown
20%
Mason Plumlee
20%
Michael Kidd-Gilchrist
20%
Nick Richards
20%
P.J. Brown
20%
Stephen Jackson
20%
Brevin Knight
10%
David Wesley
10%
Derrick Coleman
10%
Earl Cureton
10%
Elden Campbell
10%
Jamal Mashburn
10%
Jason Richardson
10%
Johnny Newman
10%
J.R. Reid
10%
Kelly Oubre Jr.
10%
Kurt Rambis
10%
Matt Geiger
10%
Primoz Brezec
10%
Raymond Felton
10%
Tyrus Thomas
10%
Vlade Divac
10%

Score Distribution

Percentile by Number Answered

Percent of People with Each Score

Your Score History

You have not taken this quiz since the last reset